| 000 | 00000nam##2200000za#4500 |
| 001 | 9.699141 |
| 003 | CaOODSP |
| 005 | 20241203113638 |
| 007 | cr ||||||||||| |
| 008 | 150407|2005||||xxc|||||o f|0| 0 eng|d |
| 040 | |aCaOODSP|beng |
| 043 | |an-cn--- |
| 086 | 1 |aEn14-182/2005E-PDF |
| 110 | 1 |aCanada. |bEnvironment Canada. |
| 245 | 10|aEnvironment Canada guidance document - questions and answers on the federal Sulphur in Diesel Fuel Regulations, under the Canadian Environmental Protection Act, 1999 (CEPA 1999) |h[electronic resource] |
| 246 | 1 |aGuidance document - Sulphur in Diesel Fuel Regulations (December 2005) |
| 260 | |aOttawa - Ontario : |bEnvironment Canada |cDecember 2005 (revised). |
| 300 | |a53p.|bmaps, tables |
| 590 | |a14-21-Supp|b2014-12-11 |
| 690 | 07|aDiesel fuel|2gcpds |
| 690 | 07|aEnvironmental law|2gcpds |
| 775 | 08|tEnvironnement Canada document d'orientation - questions et réponses portant sur le Règlement fédéral sur le soufre dans le carburant diesel, en vertu de la Loi canadienne sur la protection de l'environnement, 1999 (LCPE 1999) |w(CaOODSP)9.643114 |
| 856 | 40|ahttp://publications.gc.ca|qPDF|s821 KB|uhttps://publications.gc.ca/collections/collection_2014/ec/En14-182-2005-eng.pdf |